|
|
|
|
| LEADER |
01579nam a22003974a 4500 |
| 001 |
EBC319373 |
| 003 |
MiAaPQ |
| 005 |
20200520144314.0 |
| 006 |
m o d | |
| 007 |
cr cn||||||||| |
| 008 |
070222s2007 cau s 000 0 eng |
| 010 |
|
|
|z 2007005523
|
| 020 |
|
|
|z 9781576754504 (hardcover)
|
| 020 |
|
|
|z 1576754502 (hardcover)
|
| 035 |
|
|
|a (MiAaPQ)EBC319373
|
| 035 |
|
|
|a (Au-PeEL)EBL319373
|
| 035 |
|
|
|a (CaPaEBR)ebr10196234
|
| 035 |
|
|
|a (CaONFJC)MIL229883
|
| 035 |
|
|
|a (OCoLC)476116114
|
| 040 |
|
|
|a MiAaPQ
|c MiAaPQ
|d MiAaPQ
|
| 050 |
|
4 |
|a HD57.7
|b .S715 2007
|
| 100 |
1 |
|
|a Stahl-Wert, John.
|
| 245 |
1 |
0 |
|a Ten thousand horses
|h [electronic resource] :
|b how leaders harness raw potential for extraordinary results /
|c John Stahl-Wert, Ken Jennings.
|
| 250 |
|
|
|a 1st ed.
|
| 260 |
|
|
|a San Francisco, CA :
|b Berrett-Koehler Publishers,
|c c2007.
|
| 300 |
|
|
|a xvi, 119 p.
|
| 505 |
0 |
|
|a End of the rope -- The climb of trust -- Mounting the challenge -- Directing the charge -- Leading the cheer -- New engagement -- Engagement equation -- Taking the next step.
|
| 533 |
|
|
|a Electronic reproduction. Ann Arbor, MI : ProQuest, 2015. Available via World Wide Web. Access may be limited to ProQuest affiliated libraries.
|
| 650 |
|
0 |
|a Leadership.
|
| 650 |
|
0 |
|a Employee motivation.
|
| 650 |
|
0 |
|a Management.
|
| 650 |
|
0 |
|a Teams in the workplace.
|
| 655 |
|
4 |
|a Electronic books.
|
| 700 |
1 |
|
|a Jennings, Ken
|q (Kenneth R.)
|
| 710 |
2 |
|
|a ProQuest (Firm)
|
| 856 |
4 |
0 |
|u https://ebookcentral.proquest.com/lib/matrademy/detail.action?docID=319373
|z Click to View
|